000 00608nam a2200193 a 4500
005 20241113063729.0
008 991125s1978 es 000 0 spa u
020 _a8432005282
035 _aUPN01000004552
049 _aCG
050 4 _aLB1105
_bP3.2 no.57
100 1 _aGloton, Robert
245 1 3 _aEl arte en la escuela /
_cRobert Gloton ; tr. Angel Abad.
260 _aBarcelona, Esp. :
_bPlaneta,
_c1978.
300 _a184 p.
440 0 _aPaideia.
_pBiblioteca práctica de pedagogía, psicología y psicopatología de la infancia ;
_v57
650 4 _aArte
_xEstudio y enseñanza
_9207
905 _aLibro
999 _c4552
_d4552